[Event "T-Director's Swiss sytem"]
[Site "playchess.com #662980"]
[Date "2014.03.16"]
[Round "8"]
[White "hermann53"]
[Black "mariofad"]
[Result "0-1"]
[WhiteElo "863"]
[BlackElo "1443"]
[PlyCount "60"]
[EventDate "2014.03.16"]
[EventType "swiss (blitz)"]

1. e4 {[%emt 0:02:50]} c5 {[%emt 0:00:05]} 2. Nf3 {[%emt 0:00:01]} e6 {[%emt 0:
00:02]} 3. Ne5 {[%emt 0:00:00]} a6 {[%emt 0:00:04]} 4. Qf3 {[%emt 0:00:00]} Nf6
{[%emt 0:00:02]} 5. Nxf7 {[%emt 0:00:03]} Kxf7 {[%emt 0:00:02]} 6. Bc4 {[%emt
0:00:00]} b5 {[%emt 0:00:03]} 7. Bd3 {[%emt 0:00:02]} c4 {[%emt 0:00:03]} 8.
Nc3 {[%emt 0:00:00]} Bb7 {[%emt 0:00:01]} 9. Nd5 {[%emt 0:00:02]} exd5 {[%emt
0:00:03]} 10. exd5 {[%emt 0:00:01]} Bxd5 {[%emt 0:00:01]} 11. Qf5 {[%emt 0:00:
04]} cxd3 {[%emt 0:00:03]} 12. O-O {[%emt 0:00:00]} Be4 {[%emt 0:00:07]} 13.
Re1 {[%emt 0:00:03]} dxc2 {[%emt 0:00:04]} 14. Qg5 {[%emt 0:00:06]} Be7 {[%emt
0:00:09]} 15. d3 {[%emt 0:00:01]} Bxd3 {[%emt 0:00:04]} 16. Bf4 {[%emt 0:00:10]
} Nc6 {[%emt 0:00:51]} 17. Qf5 {[%emt 0:00:22]} Bxf5 {[%emt 0:00:04]} 18. Bg5 {
[%emt 0:00:28]} h6 {[%emt 0:00:04]} 19. Bh4 {[%emt 0:00:08]} Re8 {[%emt 0:00:
06]} 20. g4 {[%emt 0:00:09]} Bg6 {[%emt 0:00:11]} 21. g5 {[%emt 0:00:11]} hxg5
{[%emt 0:00:04]} 22. Bxg5 {[%emt 0:00:02]} Nh7 {[%emt 0:00:02]} 23. Rac1 {
[%emt 0:00:10]} Bxg5 {[%emt 0:00:03]} 24. Rxc2 {[%emt 0:00:03]} Rxe1+ {[%emt 0:
00:02]} 25. Kg2 {[%emt 0:00:02]} Bxc2 {[%emt 0:00:03]} 26. Kg3 {[%emt 0:00:06]}
Bh4+ {[%emt 0:00:03]} 27. Kg2 {[%emt 0:00:15]} Be4+ {[%emt 0:00:03]} 28. Kh3 {
[%emt 0:00:09]} Bf5+ {[%emt 0:00:01]} 29. Kg2 {[%emt 0:00:05]} Qg5+ {[%emt 0:
00:00]} 30. Kf3 {[%emt 0:00:03]} Qg4# {[%emt 0:00:01]} 0-1

[Event "T-Director's Swiss sytem"]
[Site "playchess.com #662980"]
[Date "2014.03.16"]
[Round "6"]
[White "hmamouche"]
[Black "KARIM2007"]
[Result "0-1"]
[WhiteElo "1646"]
[BlackElo "1964"]
[PlyCount "72"]
[EventDate "2014.03.16"]
[EventType "swiss (blitz)"]

1. d4 {[%emt 0:00:03]} Nf6 {[%emt 0:00:01]} 2. e3 {[%emt 0:00:02]} d5 {[%emt 0:
00:03]} 3. Nf3 {[%emt 0:00:01]} g6 {[%emt 0:00:02]} 4. Bd3 {[%emt 0:00:01]} Bg7
{[%emt 0:00:01]} 5. c4 {[%emt 0:00:01]} c6 {[%emt 0:00:01]} 6. Nbd2 {[%emt 0:
00:01]} Bg4 {[%emt 0:00:02]} 7. h3 {[%emt 0:00:01]} Bxf3 {[%emt 0:00:01]} 8.
Nxf3 {[%emt 0:00:01]} e6 {[%emt 0:00:01]} 9. Qb3 {[%emt 0:00:01]} Qb6 {[%emt 0:
00:01]} 10. Qc2 {[%emt 0:00:01]} O-O {[%emt 0:00:02]} 11. Bd2 {[%emt 0:00:01]}
Nbd7 {[%emt 0:00:07]} 12. O-O {[%emt 0:00:02]} c5 {[%emt 0:00:10]} 13. dxc5 {
[%emt 0:00:03]} Nxc5 {[%emt 0:00:06]} 14. Be2 {[%emt 0:00:06]} Rac8 {[%emt 0:
00:15]} 15. b3 {[%emt 0:00:06]} Nfe4 {[%emt 0:00:09]} 16. Rab1 {[%emt 0:00:04]}
Nxd2 {[%emt 0:00:01]} 17. Qxd2 {[%emt 0:00:02]} Ne4 {[%emt 0:00:03]} 18. Qd3 {
[%emt 0:00:09]} Nc5 {[%emt 0:00:03]} 19. Qd2 {[%emt 0:00:06]} dxc4 {[%emt 0:00:
04]} 20. bxc4 {[%emt 0:00:04]} Qc7 {[%emt 0:00:03]} 21. Nd4 {[%emt 0:00:14]}
Rfd8 {[%emt 0:00:03]} 22. Qb4 {[%emt 0:00:11]} Bxd4 {[%emt 0:00:25]} 23. exd4 {
[%emt 0:00:02]} Rxd4 {[%emt 0:00:01]} 24. Rfd1 {[%emt 0:00:16]} Rcd8 {[%emt 0:
00:08]} 25. Rxd4 {[%emt 0:00:04]} Rxd4 {[%emt 0:00:01]} 26. Qc3 {[%emt 0:00:30]
} Qe5 {[%emt 0:00:18]} 27. Rc1 {[%emt 0:00:25]} Ne4 {[%emt 0:00:14]} 28. Qc2 {
[%emt 0:00:25]} Rd2 {[%emt 0:00:08]} 29. Qb3 {[%emt 0:00:56]} Rxe2 {[%emt 0:00:
06]} 30. Qxb7 {[%emt 0:00:03]} Nxf2 {[%emt 0:00:39]} 31. Rf1 {[%emt 0:00:20]}
Qg3 {[%emt 0:00:25]} 32. Qc8+ {[%emt 0:00:22]} Kg7 {[%emt 0:00:04]} 33. Qc6 {
[%emt 0:00:27]} Nxh3+ {[%emt 0:00:02]} 34. Kh1 {[%emt 0:00:01]} Nf2+ {[%emt 0:
00:01]} 35. Kg1 {[%emt 0:00:01]} Ng4 {[%emt 0:00:39]} 36. Rd1 {[%emt 0:00:17]}
Re1+ {[%emt 0:00:12] hmamouche abandonne} 0-1

[Event "T-Director's Swiss sytem"]
[Site "playchess.com #662980"]
[Date "2014.03.16"]
[Round "9"]
[White "hmamouche"]
[Black "Mehdi1783"]
[Result "1-0"]
[WhiteElo "1618"]
[BlackElo "1526"]
[PlyCount "65"]
[EventDate "2014.03.16"]
[EventType "swiss (blitz)"]

1. e4 {[%emt 0:00:07]} c5 {[%emt 0:00:02]} 2. Nf3 {[%emt 0:00:01]} d6 {[%emt 0:
00:01]} 3. d4 {[%emt 0:00:01]} cxd4 {[%emt 0:00:00]} 4. Nxd4 {[%emt 0:00:01]}
Nf6 {[%emt 0:00:01]} 5. Nc3 {[%emt 0:00:01]} a6 {[%emt 0:00:01]} 6. Bd3 {[%emt
0:00:02]} Nc6 {[%emt 0:00:04]} 7. Nb3 {[%emt 0:00:01]} Bd7 {[%emt 0:00:04]} 8.
O-O {[%emt 0:00:02]} g6 {[%emt 0:00:02]} 9. Be3 {[%emt 0:00:04]} Bg7 {[%emt 0:
00:01]} 10. Qd2 {[%emt 0:00:03]} Ng4 {[%emt 0:00:07]} 11. Bf4 {[%emt 0:00:03]}
Nge5 {[%emt 0:00:09]} 12. Bh6 {[%emt 0:00:09]} Bxh6 {[%emt 0:00:06]} 13. Qxh6 {
[%emt 0:00:02]} Nxd3 {[%emt 0:00:04]} 14. cxd3 {[%emt 0:00:01]} Ne5 {[%emt 0:
00:02]} 15. Rad1 {[%emt 0:00:04]} f6 {[%emt 0:00:19]} 16. Nd5 {[%emt 0:00:09]}
Be6 {[%emt 0:00:09]} 17. Nd4 {[%emt 0:00:01]} Bxd5 {[%emt 0:00:02]} 18. exd5 {
[%emt 0:00:01]} Nf7 {[%emt 0:00:04]} 19. Qg7 {[%emt 0:00:38]} Qb6 {[%emt 0:00:
09]} 20. Ne6 {[%emt 0:00:09]} Rc8 {[%emt 0:00:08]} 21. Rc1 {[%emt 0:00:01]}
Rxc1 {[%emt 0:00:24]} 22. Rxc1 {[%emt 0:00:03]} Kd7 {[%emt 0:00:08]} 23. Qxf7 {
[%emt 0:00:04]} Rc8 {[%emt 0:00:03]} 24. Nf8+ {[%emt 0:00:10]} Kd8 {[%emt 0:00:
20]} 25. Rxc8+ {[%emt 0:00:09]} Kxc8 {[%emt 0:00:01]} 26. Qe8+ {[%emt 0:00:02]}
Kc7 {[%emt 0:00:02]} 27. Qd7+ {[%emt 0:00:01]} Kb8 {[%emt 0:00:02]} 28. Qxe7 {
[%emt 0:00:14]} Qxb2 {[%emt 0:00:06]} 29. Qxd6+ {[%emt 0:00:01]} Ka7 {[%emt 0:
00:01]} 30. h3 {[%emt 0:00:01]} Qb1+ {[%emt 0:00:03]} 31. Kh2 {[%emt 0:00:02]}
Qxa2 {[%emt 0:00:03]} 32. Nd7 {[%emt 0:00:01]} Qxf2 {[%emt 0:00:03]} 33. Qb8# {
[%emt 0:00:03]} 1-0

[Event "T-Director's Swiss sytem"]
[Site "playchess.com #662980"]
[Date "2014.03.16"]
[Round "4"]
[White "hmamouche"]
[Black "marcounet06"]
[Result "0-1"]
[WhiteElo "1666"]
[BlackElo "1562"]
[PlyCount "160"]
[EventDate "2014.03.16"]
[EventType "swiss (blitz)"]

1. d4 {[%emt 0:00:03]} c5 {[%emt 0:00:03]} 2. Nf3 {[%emt 0:00:05]} g6 {[%emt 0:
00:03]} 3. c3 {[%emt 0:00:02]} Bg7 {[%emt 0:00:06]} 4. e4 {[%emt 0:00:07]} cxd4
{[%emt 0:00:02]} 5. cxd4 {[%emt 0:00:01]} Nc6 {[%emt 0:00:02]} 6. Be2 {[%emt 0:
00:06]} d6 {[%emt 0:00:14]} 7. O-O {[%emt 0:00:04]} Bg4 {[%emt 0:00:15]} 8. d5
{[%emt 0:00:03]} Bxf3 {[%emt 0:00:06]} 9. Bxf3 {[%emt 0:00:05]} Ne5 {[%emt 0:
00:01]} 10. Be2 {[%emt 0:00:01]} Nf6 {[%emt 0:00:05]} 11. Bb5+ {[%emt 0:00:03]}
Ned7 {[%emt 0:00:03]} 12. Nc3 {[%emt 0:00:08]} O-O {[%emt 0:00:02]} 13. f4 {
[%emt 0:00:11]} a6 {[%emt 0:00:15]} 14. Bd3 {[%emt 0:00:07]} Qb6+ {[%emt 0:00:
05]} 15. Kh1 {[%emt 0:00:04]} Nc5 {[%emt 0:00:07]} 16. Bc2 {[%emt 0:00:04]}
Rac8 {[%emt 0:00:05]} 17. Rb1 {[%emt 0:00:05]} Qc7 {[%emt 0:00:09]} 18. Be3 {
[%emt 0:00:31]} b5 {[%emt 0:00:03]} 19. Bd4 {[%emt 0:00:05]} b4 {[%emt 0:00:06]
} 20. Ne2 {[%emt 0:00:10]} Ncxe4 {[%emt 0:00:11]} 21. Bxe4 {[%emt 0:00:01]}
Nxe4 {[%emt 0:00:05]} 22. Bxg7 {[%emt 0:00:01]} Kxg7 {[%emt 0:00:07]} 23. Qd4+
{[%emt 0:00:01]} Nf6 {[%emt 0:00:05]} 24. Qxb4 {[%emt 0:00:01]} Nxd5 {[%emt 0:
00:07]} 25. Qd4+ {[%emt 0:00:04]} Nf6 {[%emt 0:00:02]} 26. f5 {[%emt 0:00:05]}
Qc5 {[%emt 0:00:05]} 27. Qf4 {[%emt 0:00:30]} Qc4 {[%emt 0:00:07]} 28. Qf3 {
[%emt 0:00:06]} Qe4 {[%emt 0:00:12]} 29. fxg6 {[%emt 0:00:25]} fxg6 {[%emt 0:
00:06]} 30. Qxe4 {[%emt 0:00:04]} Nxe4 {[%emt 0:00:05]} 31. Nd4 {[%emt 0:00:02]
} e5 {[%emt 0:00:11]} 32. Ne6+ {[%emt 0:00:01]} Kg8 {[%emt 0:00:11]} 33. Nxf8 {
[%emt 0:00:01]} Rxf8 {[%emt 0:00:02]} 34. Rfe1 {[%emt 0:00:09]} Nf2+ {[%emt 0:
00:17]} 35. Kg1 {[%emt 0:00:13]} Ng4 {[%emt 0:00:01]} 36. h3 {[%emt 0:00:03]}
Nh6 {[%emt 0:00:08]} 37. Rbd1 {[%emt 0:00:01]} Nf5 {[%emt 0:00:02]} 38. g4 {
[%emt 0:00:04]} Nd4 {[%emt 0:00:02]} 39. Re4 {[%emt 0:00:05]} Rc8 {[%emt 0:00:
05]} 40. Rexd4 {[%emt 0:00:03]} exd4 {[%emt 0:00:02]} 41. Rxd4 {[%emt 0:00:01]}
Rc1+ {[%emt 0:00:01]} 42. Kf2 {[%emt 0:00:04]} Rc2+ {[%emt 0:00:01]} 43. Ke3 {
[%emt 0:00:01]} Rxb2 {[%emt 0:00:01]} 44. a4 {[%emt 0:00:01]} Rb3+ {[%emt 0:00:
01]} 45. Ke4 {[%emt 0:00:01]} Rxh3 {[%emt 0:00:03]} 46. Rxd6 {[%emt 0:00:01]}
Rh4 {[%emt 0:00:04]} 47. Kf4 {[%emt 0:00:01]} Kg7 {[%emt 0:00:02]} 48. Rxa6 {
[%emt 0:00:02]} h6 {[%emt 0:00:01]} 49. Ra7+ {[%emt 0:00:01]} Kf6 {[%emt 0:00:
01]} 50. Ra6+ {[%emt 0:00:01]} Kg7 {[%emt 0:00:01]} 51. Kg3 {[%emt 0:00:01]}
Rh1 {[%emt 0:00:03]} 52. Rc6 {[%emt 0:00:03]} Ra1 {[%emt 0:00:02]} 53. Rc4 {
[%emt 0:00:02]} Kf6 {[%emt 0:00:01]} 54. Rb4 {[%emt 0:00:02]} Kg5 {[%emt 0:00:
01]} 55. Rb5+ {[%emt 0:00:01]} Kf6 {[%emt 0:00:01]} 56. a5 {[%emt 0:00:01]} g5
{[%emt 0:00:06]} 57. Rb6+ {[%emt 0:00:01]} Ke5 {[%emt 0:00:01]} 58. a6 {[%emt
0:00:01]} Ra3+ {[%emt 0:00:02]} 59. Kg2 {[%emt 0:00:02]} Kf4 {[%emt 0:00:01]}
60. Rxh6 {[%emt 0:00:03]} Kxg4 {[%emt 0:00:03]} 61. Rb6 {[%emt 0:00:02]} Ra2+ {
[%emt 0:00:02]} 62. Kf1 {[%emt 0:00:01]} Kf3 {[%emt 0:00:04]} 63. Ke1 {[%emt 0:
00:01]} g4 {[%emt 0:00:02]} 64. Rb3+ {[%emt 0:00:02]} Kf4 {[%emt 0:00:03]} 65.
Rb4+ {[%emt 0:00:01]} Kf3 {[%emt 0:00:02]} 66. Rb3+ {[%emt 0:00:00]} Kg2 {
[%emt 0:00:02]} 67. Rb6 {[%emt 0:00:02]} g3 {[%emt 0:00:02]} 68. Rg6 {[%emt 0:
00:01]} Kf3 {[%emt 0:00:02]} 69. Kd1 {[%emt 0:00:02]} g2 {[%emt 0:00:04]} 70.
Kc1 {[%emt 0:00:06]} Rxa6 {[%emt 0:00:04]} 71. Rxa6 {[%emt 0:00:04]} g1=Q+ {
[%emt 0:00:03]} 72. Kb2 {[%emt 0:00:01]} Qf2+ {[%emt 0:00:03]} 73. Kb3 {[%emt
0:00:01]} Qe3+ {[%emt 0:00:03]} 74. Kb4 {[%emt 0:00:01]} Qd4+ {[%emt 0:00:03]}
75. Kb5 {[%emt 0:00:02]} Qd5+ {[%emt 0:00:04]} 76. Kb4 {[%emt 0:00:02]} Ke4 {
[%emt 0:00:03]} 77. Ra5 {[%emt 0:00:02]} Qd4+ {[%emt 0:00:03]} 78. Kb5 {[%emt
0:00:01]} Kd5 {[%emt 0:00:05]} 79. Ka6+ {[%emt 0:00:04]} Kc6 {[%emt 0:00:03]}
80. Rc5+ {[%emt 0:00:12]} Kxc5 {[%emt 0:00:04] hmamouche abandonne} 0-1

[Event "T-Director's Swiss sytem"]
[Site "playchess.com #662980"]
[Date "2014.03.16"]
[Round "5"]
[White "jiiva"]
[Black "Penquins"]
[Result "1-0"]
[WhiteElo "1956"]
[BlackElo "2126"]
[PlyCount "131"]
[EventDate "2014.03.16"]
[EventType "swiss (blitz)"]

1. e4 {[%emt 0:00:01]} e6 {[%emt 0:00:04]} 2. d3 {[%emt 0:00:01]} d5 {[%emt 0:
00:04]} 3. Nd2 {[%emt 0:00:02]} Nf6 {[%emt 0:00:02]} 4. Ngf3 {[%emt 0:00:02]}
dxe4 {[%emt 0:00:01]} 5. dxe4 {[%emt 0:00:01]} Bc5 {[%emt 0:00:03]} 6. Bd3 {
[%emt 0:00:02]} e5 {[%emt 0:00:01]} 7. O-O {[%emt 0:00:05]} Nc6 {[%emt 0:00:04]
} 8. Nc4 {[%emt 0:00:04]} Qe7 {[%emt 0:00:09]} 9. h3 {[%emt 0:00:12]} h6 {
[%emt 0:00:07]} 10. Qd2 {[%emt 0:00:03]} O-O {[%emt 0:00:16]} 11. Qc3 {[%emt 0:
00:06]} Bb4 {[%emt 0:00:31]} 12. Qb3 {[%emt 0:00:01]} a5 {[%emt 0:00:07]} 13.
c3 {[%emt 0:00:06]} a4 {[%emt 0:00:13]} 14. Qc2 {[%emt 0:00:03]} Bc5 {[%emt 0:
00:03]} 15. Bd2 {[%emt 0:00:08]} Rd8 {[%emt 0:00:05]} 16. Rad1 {[%emt 0:00:15]}
Be6 {[%emt 0:00:15]} 17. b4 {[%emt 0:00:08]} axb3 {[%emt 0:00:10]} 18. axb3 {
[%emt 0:00:04]} Nd7 {[%emt 0:00:44]} 19. b4 {[%emt 0:00:06]} Bb6 {[%emt 0:00:
13]} 20. b5 {[%emt 0:00:09]} Na5 {[%emt 0:00:03]} 21. Nxa5 {[%emt 0:00:07]}
Rxa5 {[%emt 0:00:04]} 22. c4 {[%emt 0:00:01]} Ra3 {[%emt 0:00:08]} 23. Be2 {
[%emt 0:00:12]} Bc5 {[%emt 0:00:07]} 24. Bc1 {[%emt 0:00:03]} Raa8 {[%emt 0:00:
08]} 25. Bb2 {[%emt 0:00:52]} f6 {[%emt 0:00:12]} 26. Nh4 {[%emt 0:00:06]} Nb6
{[%emt 0:00:18]} 27. Kh2 {[%emt 0:00:16]} Qf7 {[%emt 0:00:07]} 28. Rc1 {[%emt
0:00:13]} Ra4 {[%emt 0:00:11]} 29. Rfd1 {[%emt 0:00:08]} Raa8 {[%emt 0:00:18]}
30. Rxd8+ {[%emt 0:00:14]} Rxd8 {[%emt 0:00:00]} 31. Bf1 {[%emt 0:00:09]} Qd7 {
[%emt 0:00:26]} 32. Nf3 {[%emt 0:00:09]} Kh7 {[%emt 0:00:12]} 33. Kg1 {[%emt 0:
00:06]} Qf7 {[%emt 0:00:11]} 34. Kh1 {[%emt 0:00:15]} Ra8 {[%emt 0:00:02]} 35.
Nd2 {[%emt 0:00:09]} Bxf2 {[%emt 0:00:08]} 36. c5 {[%emt 0:00:02]} Na4 {[%emt
0:00:05]} 37. Ra1 {[%emt 0:00:02]} Ba2 {[%emt 0:00:14]} 38. Bc4 {[%emt 0:00:25]
.} Bxc4 {[%emt 0:00:02]} 39. Nxc4 {[%emt 0:00:19]} Bxc5 {[%emt 0:00:03]} 40.
Rxa4 {[%emt 0:00:12]} Rd8 {[%emt 0:00:03]} 41. Ra1 {[%emt 0:00:25]} b6 {[%emt
0:00:02]} 42. Nd2 {[%emt 0:00:04]} Qd7 {[%emt 0:00:02]} 43. Nf3 {[%emt 0:00:02]
} Qxb5 {[%emt 0:00:02]} 44. Re1 {[%emt 0:00:09]} Rd3 {[%emt 0:00:01]} 45. Bxe5
{[%emt 0:00:03]} fxe5 {[%emt 0:00:04]} 46. Nxe5 {[%emt 0:00:01]} Re3 {[%emt 0:
00:05]} 47. Rxe3 {[%emt 0:00:04]} Bxe3 {[%emt 0:00:00]} 48. Ng4 {[%emt 0:00:01]
} Qf1+ {[%emt 0:00:02]} 49. Kh2 {[%emt 0:00:01]} Qg1+ {[%emt 0:00:04]} 50. Kg3
{[%emt 0:00:01]} Qe1+ {[%emt 0:00:02]} 51. Kf3 {[%emt 0:00:02]} Bd4 {[%emt 0:
00:06]} 52. e5+ {[%emt 0:00:02]} Kh8 {[%emt 0:00:00]} 53. Qxc7 {[%emt 0:00:02]}
Qf1+ {[%emt 0:00:04]} 54. Ke4 {[%emt 0:00:02]} Bc5 {[%emt 0:00:01]} 55. e6 {
[%emt 0:00:05]} Qe2+ {[%emt 0:00:02]} 56. Kf5 {[%emt 0:00:02]} Qd3+ {[%emt 0:
00:02]} 57. Kf4 {[%emt 0:00:02]} Qd4+ {[%emt 0:00:01]} 58. Kf5 {[%emt 0:00:04]}
Qd3+ {[%emt 0:00:01]} 59. Ke5 {[%emt 0:00:02]} Qd4+ {[%emt 0:00:01]} 60. Kf5 {
[%emt 0:00:02]} Qd5+ {[%emt 0:00:01]} 61. Ne5 {[%emt 0:00:01]} Qxg2 {[%emt 0:
00:03]} 62. e7 {[%emt 0:00:03]} Qxh3+ {[%emt 0:00:03]} 63. Ke4 {[%emt 0:00:01]}
Qh4+ {[%emt 0:00:01]} 64. Kd5 {[%emt 0:00:01]} Bxe7 {[%emt 0:00:05]} 65. Ng6+ {
[%emt 0:00:01]} Kh7 {[%emt 0:00:01]} 66. Nxh4 {[%emt 0:00:01] Penquins resigns}
1-0

[Event "T-Director's Swiss sytem"]
[Site "playchess.com #662980"]
[Date "2014.03.16"]
[Round "9"]
[White "jobijo"]
[Black "El Viento"]
[Result "1-0"]
[WhiteElo "1373"]
[BlackElo "1089"]
[PlyCount "53"]
[EventDate "2014.03.16"]
[EventType "swiss (blitz)"]

1. e4 {[%emt 0:00:14]} g6 {[%emt 0:00:02]} 2. d4 {[%emt 0:00:24]} Bg7 {[%emt 0:
00:01]} 3. Nf3 {[%emt 0:00:25]} e6 {[%emt 0:00:01]} 4. Bd3 {[%emt 0:00:02]} Ne7
{[%emt 0:00:01]} 5. Be3 {[%emt 0:00:03]} O-O {[%emt 0:00:02]} 6. Qd2 {[%emt 0:
00:01]} b6 {[%emt 0:00:02]} 7. Nc3 {[%emt 0:00:01]} Bb7 {[%emt 0:00:01]} 8.
O-O-O {[%emt 0:00:01]} d6 {[%emt 0:00:07]} 9. h4 {[%emt 0:00:02]} Nd7 {[%emt 0:
00:02]} 10. g4 {[%emt 0:00:01]} c5 {[%emt 0:00:03]} 11. dxc5 {[%emt 0:00:04]}
Nxc5 {[%emt 0:00:05]} 12. Bh6 {[%emt 0:00:14]} Rc8 {[%emt 0:00:03]} 13. Bxg7 {
[%emt 0:00:05]} Kxg7 {[%emt 0:00:02]} 14. h5 {[%emt 0:00:02]} d5 {[%emt 0:00:
14]} 15. hxg6 {[%emt 0:00:08]} Nxg6 {[%emt 0:00:05]} 16. Qh6+ {[%emt 0:00:21]}
Kf6 {[%emt 0:00:09]} 17. exd5 {[%emt 0:00:06]} Ke7 {[%emt 0:00:26] jobijo
reconnected.} 18. dxe6 {[%emt 0:00:45]} Bxf3 {[%emt 0:00:20]} 19. Rd2 {[%emt 0:
00:10]} Nxe6 {[%emt 0:00:07]} 20. Bxg6 {[%emt 0:00:19]} hxg6 {[%emt 0:00:09]}
21. Re1 {[%emt 0:00:06]} Rh8 {[%emt 0:00:20]} 22. Qe3 {[%emt 0:00:03]} Qc7 {
[%emt 0:00:38]} 23. Qxf3 {[%emt 0:00:10]} b5 {[%emt 0:00:08]} 24. g5 {[%emt 0:
00:01]} b4 {[%emt 0:00:08]} 25. Nd5+ {[%emt 0:00:03]} Kf8 {[%emt 0:00:10]} 26.
Nxc7 {[%emt 0:00:02]} Rxc7 {[%emt 0:00:02]} 27. Rxe6 {[%emt 0:00:01] El Viento
abandonne} 1-0

[Event "T-Director's Swiss sytem"]
[Site "playchess.com #662980"]
[Date "2014.03.16"]
[Round "8"]
[White "jobijo"]
[Black "Kenis"]
[Result "0-1"]
[WhiteElo "1385"]
[BlackElo "1488"]
[PlyCount "128"]
[EventDate "2014.03.16"]
[EventType "swiss (blitz)"]

1. e4 {[%emt 0:00:21]} e5 {[%emt 0:00:02]} 2. Nf3 {[%emt 0:00:02]} d6 {[%emt 0:
00:20]} 3. Bc4 {[%emt 0:00:06]} Be7 {[%emt 0:00:04]} 4. d3 {[%emt 0:00:06]} Nf6
{[%emt 0:00:02]} 5. Ng5 {[%emt 0:00:03]} O-O {[%emt 0:00:02]} 6. Be3 {[%emt 0:
00:02]} d5 {[%emt 0:00:02]} 7. exd5 {[%emt 0:00:02]} Nxd5 {[%emt 0:00:01]} 8.
h4 {[%emt 0:00:04]} Nxe3 {[%emt 0:00:02]} 9. fxe3 {[%emt 0:00:01]} Bxg5 {[%emt
0:00:04]} 10. hxg5 {[%emt 0:00:01]} Qxg5 {[%emt 0:00:03]} 11. Qf3 {[%emt 0:00:
01]} Qg4 {[%emt 0:00:08]} 12. Qf2 {[%emt 0:00:04]} Nc6 {[%emt 0:00:04]} 13. Nd2
{[%emt 0:00:06]} Be6 {[%emt 0:00:02]} 14. Rh4 {[%emt 0:00:07]} Qg5 {[%emt 0:00:
06]} 15. O-O-O {[%emt 0:00:06]} Bxc4 {[%emt 0:00:07]} 16. Ne4 {[%emt 0:00:18]}
Qe7 {[%emt 0:00:26]} 17. dxc4 {[%emt 0:00:03]} Rad8 {[%emt 0:00:15]} 18. Rdh1 {
[%emt 0:00:06]} h6 {[%emt 0:00:02]} 19. Qg3 {[%emt 0:00:10]} Kh7 {[%emt 0:00:
06]} 20. Ng5+ {[%emt 0:00:09]} Kg8 {[%emt 0:00:03]} 21. Ne4 {[%emt 0:00:09]}
Kh7 {[%emt 0:00:02]} 22. Ng5+ {[%emt 0:00:07]} Kg8 {[%emt 0:00:01]} 23. Rxh6 {
[%emt 0:00:02]} g6 {[%emt 0:00:21]} 24. Rh8+ {[%emt 0:00:05]} Kg7 {[%emt 0:00:
03]} 25. R8h7+ {[%emt 0:00:06]} Kf6 {[%emt 0:00:01]} 26. Qf2+ {[%emt 0:00:04]}
Kxg5 {[%emt 0:00:02]} 27. Qh4+ {[%emt 0:00:04]} Kf5 {[%emt 0:00:02]} 28. Rf1+ {
[%emt 0:00:08]} Ke6 {[%emt 0:00:02]} 29. Qg4+ {[%emt 0:00:03]} Kd6 {[%emt 0:00:
01]} 30. Rd1+ {[%emt 0:00:04]} Kc5 {[%emt 0:00:10]} 31. Qe2 {[%emt 0:00:24]}
Rxd1+ {[%emt 0:00:05]} 32. Qxd1 {[%emt 0:00:20]} Qd6 {[%emt 0:00:04]} 33. Qe1 {
[%emt 0:00:04]} b5 {[%emt 0:00:23]} 34. a3 {[%emt 0:00:06]} e4 {[%emt 0:00:19]}
35. cxb5 {[%emt 0:00:05]} Kxb5 {[%emt 0:00:02]} 36. Qc3 {[%emt 0:00:03]} Kb6 {
[%emt 0:00:21]} 37. b4 {[%emt 0:00:21]} Qe5 {[%emt 0:00:24]} 38. Qb3 {[%emt 0:
00:12]} Qe6 {[%emt 0:00:07]} 39. Qa4 {[%emt 0:00:09]} Qa2 {[%emt 0:00:10]} 40.
b5 {[%emt 0:00:11]} Qa1+ {[%emt 0:00:03]} 41. Kd2 {[%emt 0:00:05]} Na5 {[%emt
0:00:13]} 42. Rh5 {[%emt 0:00:22]} Rd8+ {[%emt 0:00:07]} 43. Ke2 {[%emt 0:00:
04]} Qd1+ {[%emt 0:00:04]} 44. Kf2 {[%emt 0:00:01]} Qxh5 {[%emt 0:00:02]} 45.
Qxe4 {[%emt 0:00:04]} Qf5+ {[%emt 0:00:02]} 46. Qxf5 {[%emt 0:00:03]} gxf5 {
[%emt 0:00:01]} 47. a4 {[%emt 0:00:03]} Rd2+ {[%emt 0:00:02]} 48. Kf3 {[%emt 0:
00:02]} Rxc2 {[%emt 0:00:01]} 49. g3 {[%emt 0:00:01]} Ra2 {[%emt 0:00:01]} 50.
Kf4 {[%emt 0:00:01]} Rxa4+ {[%emt 0:00:01]} 51. Kxf5 {[%emt 0:00:01]} Kxb5 {
[%emt 0:00:01]} 52. g4 {[%emt 0:00:01]} Rxg4 {[%emt 0:00:03]} 53. Kxg4 {[%emt
0:00:02]} Kc5 {[%emt 0:00:01]} 54. Kf5 {[%emt 0:00:01]} Kd5 {[%emt 0:00:01]}
55. e4+ {[%emt 0:00:02]} Kd6 {[%emt 0:00:01]} 56. Kf6 {[%emt 0:00:02]} Nc6 {
[%emt 0:00:03]} 57. Kxf7 {[%emt 0:00:04]} a5 {[%emt 0:00:02]} 58. Kf6 {[%emt 0:
00:02]} a4 {[%emt 0:00:01]} 59. Kf5 {[%emt 0:00:11]} a3 {[%emt 0:00:03]} 60.
Kf4 {[%emt 0:00:02]} a2 {[%emt 0:00:01]} 61. Kf3 {[%emt 0:00:04]} a1=Q {[%emt
0:00:01]} 62. Ke3 {[%emt 0:00:02]} Qd4+ {[%emt 0:00:02]} 63. Kf4 {[%emt 0:00:
03]} Ne5 {[%emt 0:00:06]} 64. Kf5 {[%emt 0:00:32]} c5 {[%emt 0:00:02] Temps}
0-1

[Event "T-Director's Swiss sytem"]
[Site "playchess.com #662980"]
[Date "2014.03.16"]
[Round "4"]
[White "kakdela"]
[Black "Bustaes"]
[Result "1-0"]
[WhiteElo "2411"]
[BlackElo "2579"]
[PlyCount "59"]
[EventDate "2014.03.16"]
[EventType "swiss (blitz)"]

1. e4 {[%emt 0:00:02]} d5 {[%emt 0:00:02]} 2. exd5 {[%emt 0:00:01]} Qxd5 {
[%emt 0:00:01]} 3. Nf3 {[%emt 0:00:02]} Bg4 {[%emt 0:00:02]} 4. Be2 {[%emt 0:
00:01]} Nc6 {[%emt 0:00:02]} 5. d4 {[%emt 0:00:02]} O-O-O {[%emt 0:00:02]} 6.
c4 {[%emt 0:00:02]} Qh5 {[%emt 0:00:28]} 7. Be3 {[%emt 0:00:03]} Nf6 {[%emt 0:
00:19]} 8. Nbd2 {[%emt 0:00:26]} e6 {[%emt 0:00:29]} 9. h3 {[%emt 0:00:12]} Bb4
{[%emt 0:00:18]} 10. a3 {[%emt 0:00:07]} Bxd2+ {[%emt 0:00:05]} 11. Qxd2 {
[%emt 0:00:01]} Nxd4 {[%emt 0:00:12]} 12. Bxd4 {[%emt 0:00:28]} e5 {[%emt 0:00:
10]} 13. O-O-O {[%emt 0:00:07]} exd4 {[%emt 0:00:08]} 14. hxg4 {[%emt 0:00:05]}
Qxg4 {[%emt 0:00:02]} 15. Qg5 {[%emt 0:00:24]} Qxg5+ {[%emt 0:00:09]} 16. Nxg5
{[%emt 0:00:02]} Rd7 {[%emt 0:00:01]} 17. Bd3 {[%emt 0:00:06]} g6 {[%emt 0:00:
07]} 18. Rh4 {[%emt 0:00:12]} h6 {[%emt 0:00:06]} 19. Rdh1 {[%emt 0:00:04]} h5
{[%emt 0:00:02]} 20. Rf4 {[%emt 0:00:03]} Ne8 {[%emt 0:00:15]} 21. Nxf7 {[%emt
0:00:03]} Rf8 {[%emt 0:00:02]} 22. Nd6+ {[%emt 0:00:01]} Nxd6 {[%emt 0:00:02]}
23. Rxf8+ {[%emt 0:00:00]} Rd8 {[%emt 0:00:01]} 24. Rxd8+ {[%emt 0:00:01]} Kxd8
{[%emt 0:00:00]} 25. c5 {[%emt 0:00:01]} Ne4 {[%emt 0:00:02]} 26. Bxe4 {[%emt
0:00:01]} g5 {[%emt 0:00:01]} 27. Rxh5 {[%emt 0:00:02]} d3 {[%emt 0:00:00]} 28.
Rxg5 {[%emt 0:00:00]} d2+ {[%emt 0:00:02]} 29. Kxd2 {[%emt 0:00:01]} b5 {[%emt
0:00:02]} 30. c6 {[%emt 0:00:01] kakdela claims flag (automatic).} 1-0